000 00681nam a22002057a 4500
003 NUST
005 20240718161557.0
008 190726b ||||| |||| 00| 0 eng d
038 _aMr. Noman
082 _a200
100 _aFarooq, Waqar
_918645
245 _aA NOVEL REAL TIME FRAMEWORK FOR CLUSTER-BASED MULTICAST COMMUNICATION IN VEHICULAR AD HOC NETWORKS /
_cWAQAR FAROOQ.
260 _aRawalpindi:
_bCEME - NUST,
_c2017.
300 _a24, 136 p.: ill.;
_c30cm.
500 _aHardcover.
650 _aPhD-Computer Engineering
_990709
700 _aSupervisor:Dr. Saad Rehman.
_969890
856 _uhttp://10.250.8.41:8080/xmlui/handle/123456789/27580
942 _2ddc
_cSC
999 _c527407
_d527407